Functional circuts in electronics / (Record no. 157340)

MARC details
000 -LEADER
fixed length control field 00684nam a22002297a 4500
003 - CONTROL NUMBER IDENTIFIER
control field dpl
005 - DATE AND TIME OF LATEST TRANSACTION
control field 20180911123204.0
008 - FIXED-LENGTH DATA ELEMENTS--GENERAL INFORMATION
fixed length control field 180911b xxu||||| |||| 00| 0 eng d
010 ## - LIBRARY OF CONGRESS CONTROL NUMBER
LC control number B-017517
020 ## - INTERNATIONAL STANDARD BOOK NUMBER
International Standard Book Number 0333932943
Terms of availability 0.00
035 ## - SYSTEM CONTROL NUMBER
System control number B-017517
040 ## - CATALOGING SOURCE
Original cataloging agency DPL
Language of cataloging EN
Transcribing agency 0
082 ## - DEWEY DECIMAL CLASSIFICATION NUMBER
Classification number 621.3815
Item number PIM
100 ## - MAIN ENTRY--PERSONAL NAME
Personal name Pimpale, SG
245 ## - TITLE STATEMENT
Title Functional circuts in electronics /
Statement of responsibility, etc by SG Pimpale [and] Sushama S Pimpale
260 ## - PUBLICATION, DISTRIBUTION, ETC. (IMPRINT)
Place of publication, distribution, etc New Delhi
Name of publisher, distributor, etc Macmillan India ltd
Date of publication, distribution, etc 2000
270 ## - ADDRESS
Address 2/10 Ansari road darya ganj
City New Delhi
Postal code 110002
300 ## - PHYSICAL DESCRIPTION
Extent 521p.:
Dimensions 23cm
500 ## - GENERAL NOTE
General note Include Index
700 ## - ADDED ENTRY--PERSONAL NAME
Personal name Pimpale, Sushama S
942 ## - ADDED ENTRY ELEMENTS (KOHA)
Source of classification or shelving scheme Dewey Decimal Classification
Koha item type English Books
Classification part 621.3815
Call number suffix PIM
Holdings
Withdrawn status Lost status Source of classification or shelving scheme Damaged status Not for loan Collection code Home library Current library Date acquired Source of acquisition Cost, normal purchase price Total Checkouts Full call number Barcode Date last seen Cost, replacement price Price effective from Koha item type
    Dewey Decimal Classification     Non-fiction Patel Nagar Patel Nagar 11/09/2018 BPPD/PUB 0.00   621.3815 PIM B-017517 11/09/2018 0.00 11/09/2018 English Books

© Delhi Public Library
Hit Counter
free hit counter